| Tag |
First Indicator |
Second Indicator |
Subfields |
| LEADER |
00000cam a2200000 a 4500 |
| 001 |
in00001404746 |
| 005 |
20151020062107.0 |
| 008 |
980320s1997 enk a f000 0 eng d |
| 035 |
|
|
|a (OCoLC)38762464
|
| 035 |
|
|
|9 AHP0714AM
|
| 040 |
|
|
|a TXA
|c TXA
|d UtOrBLW
|
| 049 |
|
|
|a TXAM
|
| 090 |
|
|
|a TA1057.A1
|b T78 no. 67.1
|
| 245 |
0 |
0 |
|a Road surface noise update, 1994-1997.
|
| 264 |
|
1 |
|a Crowthorne, Berkshire :
|b Library Services, Transport Research Laboratory,
|c [1997]
|
| 264 |
|
4 |
|c ©1997
|
| 300 |
|
|
|a 29 pages ;
|c 30 cm.
|
| 336 |
|
|
|a text
|b txt
|2 rdacontent
|
| 337 |
|
|
|a unmediated
|b n
|2 rdamedia
|
| 338 |
|
|
|a volume
|b nc
|2 rdacarrier
|
| 490 |
1 |
|
|a Current topics in transport ;
|v no. 67.1
|
| 500 |
|
|
|a "August, 1997."
|
| 650 |
|
0 |
|a Traffic noise
|x Abstracts.
|
| 710 |
2 |
|
|a TRL Library Services.
|
| 830 |
|
0 |
|a Current topics in transport ;
|v no. 67.1.
|
| 948 |
|
|
|a o:jls
|
| 999 |
|
|
|a MARS
|
| 999 |
f |
f |
|s 8327ac13-8459-3e7c-b627-62e7f2009054
|i b1404335-fd70-3846-b4ae-e0d045bf5a8b
|t 0
|
| 952 |
f |
f |
|p ric
|a Texas A&M University
|b Rellis Campus
|c Joint Library Facility
|d Remote Storage
|t 0
|e TA1057.A1 T78 no.67.1
|h Library of Congress classification
|i unmediated -- volume
|m A14822155682
|
| 998 |
f |
f |
|a TA1057.A1 T78 no.67.1
|t 0
|l Remote Storage
|